| 000 | 00474nam a2200193 a 4500 | ||
|---|---|---|---|
| 001 | 1756195395035 | ||
| 003 | ACL | ||
| 005 | 20250826134118.0 | ||
| 008 | 250826s2003##################000#0#eng## | ||
| 020 | _a9781843306641 | ||
| 082 | 0 | 4 |
_a751 _bOSB |
| 100 | 1 |
_aOsborne, Pat, _eauthor. |
|
| 245 | 1 | 0 | _aDecorative Painting for the Home : |
| 260 | _c2003. | ||
| 300 | _a96 pages | ||
| 650 | 0 | _aMural painting and decoration. | |
| 942 | _cENGLISH | ||
| 040 |
_aACL _beng _cACL |
||
| 999 |
_c584114 _d584114 |
||